Loading...

The Heritage monuments of Fort Kochi and Mattanchery /

Bibliographic Details
Main Author: Kurup, K. K. N.
Other Authors: Kasthurba A. K.
Format: Printed Book
Language:English
Published: Calicut : 2013.
Edition:1st ed.
Subjects:
LEADER 00627nam a22001817a 4500
008 160301b xxu||||| |||| 00| 0 eng d
082 |a 930.2095483 KUR 
100 |a Kurup, K. K. N. 
245 |a The Heritage monuments of Fort Kochi and Mattanchery /  |c K. K. N. Kurup and Kasthurba A. K. 
250 |a 1st ed. 
260 |a Calicut :  |c 2013. 
300 |a 79p. 
650 |a Heritage 
700 |a Kurup, K. K. N. 
700 |a Kasthurba A. K. 
942 |2 ddc  |c BK 
999 |c 14106  |d 14106 
952 |0 0  |1 0  |2 ddc  |4 0  |6 930_209548300000000_KUR  |7 0  |9 20157  |a MAIN  |b MAIN  |d 2016-03-01  |e Gift  |g 100.00  |o 930.2095483 KUR  |p 20266  |r 2016-03-01  |t 1  |w 2016-03-01  |y BK